|
|
|
|
| LEADER |
00742cam a2200169 7i4500 |
| 001 |
0000026395 |
| 005 |
20170218090000.0 |
| 090 |
0 |
0 |
|a Z675
|b .N89 2008
|
| 100 |
0 |
|
|a Nuruleana Noh
|
| 245 |
1 |
2 |
|a A study on the effectiveness of strategic management in the library of Universiti Industri Selangor (UNISEL) at Bestari Jaya campus
|c Nuruleana binti Noh.
|
| 260 |
|
|
|a Bestari Jaya, Selangor:
|b UNISEL,
|c 2008.
|
| 300 |
|
|
|a xi, 83 p.:
|b ill. (some col.);
|c 30 cm.
|
| 610 |
2 |
|
|a Universiti Industri Selangor
|
| 650 |
0 |
0 |
|a Academic library --
|z Malaysia
|
| 650 |
0 |
0 |
|a Strategic management --
|x strategic management
|
| 997 |
|
|
|a Business & Accountancy, Faculty
|
| 999 |
|
|
|a PRC0000213
|b PROJECT REPORT COLLECTION
|c PROJECT REPORT COLLECTION
|e Thesis Room, Bestari Jaya
|